Biblioteca

Can science explain everything? : (Registro nro. 57917)

Detalles MARC
000 -LÍDER
Campo fijo de descripción fija 00669aas a2200193 4500
001 - NÚMERO DE CONTROL
Campo de control 768714001
003 - IDENTIFICADOR DEL NÚMERO DE CONTROL
Campo de control CO-MdFUSB
005 - FECHA Y HORA DE LA ULTIMA TRANSACCIÓN
control field 20170901104932.0
008 - ELEMENTOS DE LONGITUD FIJA -- INFORMACIÓN GENERAL
Campo fijo de descripción fija -- Información general 170901s1999 uk ||||| |||| 00| 0 eng d
022 ## - NÚMERO INTERNACIONAL NORMALIZADO PARA PUBLICACIONES SERIADAS
Número Internacional Normalizado para Publicaciones Seriadas 1361-7710
040 ## - FUENTE DE CATALOGACIÓN
Agencia Catalogadora CO-MdFUSB
Idioma de catalogación spa
Agencia que realiza la transcripción CO-MdFUSB
Agencia que realiza la modificación CO-MdFUSB
041 ## - CÓDIGO DE IDIOMA
Código de idioma para texto/pista de sonido o título separado eng
100 1# - ASIENTO PRINCIPAL--NOMBRE PERSONAL
Nombre personal Alexander, Denis R.
Término relacionador autor
245 10 - TÍTULO
Título Can science explain everything? :
Subtitulo scientific naturalism and the death of science
300 ## - DESCRIPCIÓN FÍSICA
Extensión Volumen 8. Número 2 (1999), páginas 1-4
Dimensiones : 30 cm.
546 ## - NOTA DE IDIOMA
Nota de idioma Texto en inglés
773 0# - ASIENTO DE ITEM FUENTE
Título Cambridge papers : towards a biblical mind
Biblionumber 49493
Itemnumber 61320
Parte(s) relacionada(s) / Volumen., número. (mes año), páginas Volumen 8. Número 2 (1999), páginas 1-4
Enumeración y primera página Página 1
942 ## - TIPO DE MATERIAL (KOHA)
Tipo de Item KOHA Artículos de Revista
Existencias
Expurgo - (Retirado) Estado de Perdido Estado de Dañado No prestable Colección Ubicación habitual Ubicación actual Fecha de Adquisición Signatura Topográfica Tipo de Material
        Colección de Hemeroteca Biblioteca FUSBC Biblioteca FUSBC 26/01/2016 Artículos de Revista

Biblioteca FUSBC | Teléfono: (57+4) 349 88 10 Ext. 141| WhatsApp (+57) 3005338115 
E-mail: biblioteca@unisbc.edu.co | Calle 76 87-14 Robledo Palenque, Medellín, Colombia

Con tecnología Koha